Udržateľný rozvoj v prostredí vysokoškolského vzdelávania

História udržateľného rozvoja. Rozbor potreby konceptu udržateľného rozvoja v rámci Európskej únie. Podpora udržateľného rozvoja v Európskej únii. Podpora udržateľného rozvoja na Slovensku. Inštitucionálna základňa udržateľného rozvoja na Slovensku. Udržateľný rozvoj vysokých škôl.

Salvato in:
Dettagli Bibliografici
Autore principale: Čorba, Juraj, ml
Altri autori: Lešková, Ľubica, 1988-
Natura: Capitolo di libro
Lingua:slovacco
Soggetti:
Tags: Aggiungi Tag
Nessun Tag, puoi essere il primo ad aggiungerne!!

MARC

LEADER 00000naa a2200000 4500
001 0183881
005 20240502073141.2
041 0 |a slo 
044 |a SK 
245 1 0 |a Udržateľný rozvoj v prostredí vysokoškolského vzdelávania  |c Juraj Čorba, Ľubica Lešková 
520 |a História udržateľného rozvoja. Rozbor potreby konceptu udržateľného rozvoja v rámci Európskej únie. Podpora udržateľného rozvoja v Európskej únii. Podpora udržateľného rozvoja na Slovensku. Inštitucionálna základňa udržateľného rozvoja na Slovensku. Udržateľný rozvoj vysokých škôl. 
610 2 0 |a rozvoj trvalo udržateľný 
610 2 0 |a Slovensko 
610 2 0 |a Európska únia 
610 2 0 |a politika environmentálna 
610 2 0 |a vzdelávanie vysokoškolské 
610 2 0 |a univerzity 
100 1 |a Čorba, Juraj, ml. 
700 1 |a Lešková, Ľubica, 1988-